Capital cities beginning with A - Statistics

General Stats
  • This quiz has been taken 189 times
    183 since last reset
  • The average score is 12 of 15
Answer Stats
Answer % Correct
Amsterdam
85%
Asuncion
84%
Ankara
82%
Accra
80%
Addis Ababa
80%
Algiers
80%
Antananarivo
80%
Abuja
79%
Amman
79%
Athens
76%
Ashgabat
75%
Apia
74%
Asmara
73%
Andorra la Vella
71%
Abu Dhabi
64%
No matching quizzes found
Score Distribution
Percent of People with Each Score
Percentile by Number Answered
Your Score History
You have not taken this quiz since the last reset